00402cam a2200157ua 45000010005000000080039000050400009000440820008000531000030000612450038000912500009001292600042001383000017001806530019001977000028002165237120306n ii |||gr||||Z||||||eng cMAIN a821 aMarvell, Andrew,eAuthor,11aSelected poemscby Andrew Marvell a3rd. aBareilly:bPrakash book depot,c1996. a286p:c23cm. aEnglish poetry aMundra, S. C.,eEditor,